Welcome to the Holygrace Academy Library

Please use search bar below to get started

HRIDAYAVUM HRIDROGANGALUM KUTTIKALUM MUTHIRNAVARUM (Record no. 999)

MARC details
000 -LEADER
fixed length control field 00294nam a22001217a 4500
082 ## - DEWEY DECIMAL CLASSIFICATION NUMBER
Classification number 894.812
Item number POW/H
100 ## - MAIN ENTRY--AUTHOR NAME
Personal name Dr. JOHN POWATHIL
245 ## - TITLE STATEMENT
Title HRIDAYAVUM HRIDROGANGALUM KUTTIKALUM MUTHIRNAVARUM
260 ## - PUBLICATION, DISTRIBUTION, ETC. (IMPRINT)
Place of publication ERNAKULAM
Name of publisher PEN BOOKS
300 ## - PHYSICAL DESCRIPTION
Number of Pages 119
650 ## - SUBJECT ADDED ENTRY--TOPICAL TERM
Topical Term HEALTHCARE
Geographic subdivision KERALA
942 ## - ADDED ENTRY ELEMENTS (KOHA)
Koha item type Books
Holdings
Withdrawn status Lost status Collection code Home library Current library Shelving location Date acquired Source of acquisition Cost, normal purchase price Full call number Accession Number Koha item type
    Reference Main Library Main Library   29/01/2019 purchase 75.00 894.812 POW/H 10820 Books